Organic chemistry: structure and function (Record no. 3096)
[ view plain ]
| 000 -LEADER | |
|---|---|
| fixed length control field | 00570nam a22002057a 4500 |
| 003 - CONTROL NUMBER IDENTIFIER | |
| control field | OSt |
| 005 - DATE AND TIME OF LATEST TRANSACTION | |
| control field | 20160227142638.0 |
| 008 - FIXED-LENGTH DATA ELEMENTS--GENERAL INFORMATION | |
| fixed length control field | 160227b xxu||||| |||| 00| 0 eng d |
| 020 ## - INTERNATIONAL STANDARD BOOK NUMBER | |
| International Standard Book Number | 9781429239240 |
| 040 ## - CATALOGING SOURCE | |
| Transcribing agency | DDC |
| 082 ## - DEWEY DECIMAL CLASSIFICATION NUMBER | |
| Classification number | 14/38180 |
| 100 ## - MAIN ENTRY--PERSONAL NAME | |
| Personal name | Vollhardt, Peter; Schore, Neil |
| 9 (RLIN) | 6864 |
| 245 ## - TITLE STATEMENT | |
| Title | Organic chemistry: structure and function |
| 250 ## - EDITION STATEMENT | |
| Edition statement | 6th ed. |
| 260 ## - PUBLICATION, DISTRIBUTION, ETC. (IMPRINT) | |
| Place of publication, distribution, etc. | New York; Freeman and Co', 2011 |
| 300 ## - PHYSICAL DESCRIPTION | |
| Extent | xxxii, 1269p; col.ill: 28cm |
| 504 ## - BIBLIOGRAPHY, ETC. NOTE | |
| Bibliography, etc | Answers, credits, & index included |
| 650 ## - SUBJECT ADDED ENTRY--TOPICAL TERM | |
| Topical term or geographic name as entry element | Organic chemistry |
| 9 (RLIN) | 814 |
| 942 ## - ADDED ENTRY ELEMENTS (KOHA) | |
| Source of classification or shelving scheme | Other/Generic Classification Scheme |
| Koha item type | Open Shelf |
| Withdrawn status | Lost status | Source of classification or shelving scheme | Damaged status | Not for loan | Home library | Current library | Date acquired | Source of acquisition | Inventory number | Total Checkouts | Full call number | Barcode | Checked out | Date last seen | Date last checked out | Koha item type |
|---|---|---|---|---|---|---|---|---|---|---|---|---|---|---|---|---|
| Dewey Decimal Classification | MUST Main Library | MUST Main Library | 27/02/2016 | 14/38180 | 5 | 547 VOL 2011 | 2016-0247 | 02/05/2017 | 18/04/2017 | 18/04/2017 | Open Shelf | |||||
| Dewey Decimal Classification | MUST Main Library | MUST Main Library | 16/03/2016 | 14/38179 | 547 VOL 2011 | 2016-0473 | 16/03/2016 | Open Shelf |
